| 000 | 00754nam a2200229 a 4500 | ||
|---|---|---|---|
| 001 | BRCA_6865 | ||
| 005 | 20190320205624.0 | ||
| 008 | 101111s1910----gw-a######---#000-0#eng-# | ||
| 041 | _aeng | ||
| 044 | _agw | ||
| 050 | 4 |
_aN2325 _b.K36 1910 |
|
| 245 | 1 | 0 |
_aGuide through the Old Pinakothek of Munich _ccompiled by Johanna Kanoldt ; trasnlated from the German by Clara Hellwig. |
| 260 |
_aMúnich, Alemania _bEnglish and American Book Store Heinrich Jaffe _c1910 |
||
| 300 |
_axii, 216 p. _bil., 24 láminas _c18 cm. |
||
| 500 | _aO53 | ||
| 650 | 1 | 4 |
_aPinacoteca _zMúnich _917109 |
| 650 | 1 | 4 |
_aGalerías y museos _zAlemania _95059 |
| 700 | 1 |
_aKanoldt, Johanna _ecomp. _917110 |
|
| 700 | 1 |
_aHellwig, Clara _etr. _917111 |
|
| 902 | _aGFM | ||
| 942 |
_2lcc _cB |
||
| 999 |
_c6547 _d6547 |
||